| 000 | 00914cam a2200253 a 4500 | ||
|---|---|---|---|
| 001 | 4037196 | ||
| 005 | 20250205143421.0 | ||
| 008 | 990401s1999 txua b 001 0 eng | ||
| 020 | _a0030223431 | ||
| 050 | 0 | 0 |
_aHG4521 _b.R397 1999 |
| 082 | 0 | 0 |
_a332.6 _221 |
| 100 | 1 | _aReilly, Frank K. | |
| 245 | 1 | 0 |
_aInvestments / _cFrank K. Reilly, Edgar A. Norton. |
| 250 | _a5th ed. | ||
| 260 |
_aFort Worth : _bDryden Press, _cc1999. |
||
| 300 |
_axxvi, 837 p. : _bill. ; _c27 cm. |
||
| 650 | 0 | _aInvestments. | |
| 650 | 0 | _aInvestment analysis. | |
| 700 | 1 |
_aNorton, Edgar, _d1957- |
|
| 856 | 4 | 2 |
_3Contributor biographical information _uhttp://www.loc.gov/catdir/enhancements/fy1514/98085990-b.html |
| 856 | 4 | 2 |
_3Publisher description _uhttp://www.loc.gov/catdir/enhancements/fy1514/98085990-d.html |
| 856 | 4 | 1 |
_3Table of contents only _uhttp://www.loc.gov/catdir/enhancements/fy1514/98085990-t.html |
| 942 |
_2lcc _cBK _n0 |
||
| 999 |
_c3448 _d3448 |
||